Pays qui exportent le plus de joueurs de football - Statistiques

Statistiques générales
  • Ce quiz a été pris 3 494 fois
  • Le résultat moyen est 10 sur 15
Statistiques - réponses
Nombre de footballeurs expatriés Pays % Correct
781 France
99%
362 Espagne
97%
1202 Brésil
96%
335 Allemagne
94%
753 Argentine
94%
451 Angleterre
92%
240 Portugal
91%
216 Belgique
76%
232 Pays-Bas
76%
288 Uruguay
61%
284 Colombie
59%
323 Croatie
45%
460 Serbie
25%
292 Nigeria
23%
236 Ghana
16%
Aucun quiz correspondant
Distribution des résultats
% des personnes avec chaque résultat
Percentile par nombre de réponses
Votre historique - résultats
Vous n’avez pas pris ce quiz